Normal view
MARC view
- Tahir Javed (00000277727)
Entry Personal Name
001 - CONTROL NUMBER
- control field: 116756
003 - CONTROL NUMBER IDENTIFIER
- control field: NUST
005 - DATE AND TIME OF LATEST TRANSACTION
- control field: 20230912170035.0
008 - FIXED-LENGTH DATA ELEMENTS
- fixed length control field: 230912|| aca||aabn | a|a d
040 ## - CATALOGING SOURCE
- Original cataloging agency: NUST
- Transcribing agency: NUST
100 ## - HEADING--PERSONAL NAME
- Personal name: Tahir Javed (00000277727)
670 ## - SOURCE DATA FOUND
- Source citation: Work cat.: (NUST): Tahir Javed (00000277727), Experimental Investigation of Swirl Flow in a Ribbed Cylindrical Container using Particle Image Velocimetry /, 2022
